000 00990nam a22002537a 4500
005 20240530110447.0
008 150429s2008 ua g 000 0 ara d
017 _a2008/1656
_bمصر . دار الكتب المصرية
020 _a9789774204938
040 _aEG-CaGPL
082 0 4 _221
_a523.7\
_bج ح
100 1 _aجريبيين ،جون
245 1 2 _aالحياة السرية للشمس /
_cجون جريبيين ؛ ترجمة لبنى الريدى ؛ مراجعة محمد زاهر المنشاوى .
260 _aالقاهرة :
_bالهيئة المصرية العامة للكتاب ،
_c2008.
300 _a272 ص ؛
_c24 سم.
650 0 4 _aالشمس.
650 0 4 _aالهندسة الشمسية.
650 0 4 _aالاشعاع الشمسى.
650 0 4 _aالنظام الشمسى.
700 0 _aلبنى الريدى
_eمترجم
700 0 _aمحمد زاهر المنشاوى
_eمراجع
942 _2ddc
_cBK
999 _c61178
_d61178